[Event "Quebec-ch intercoll."]
[Site "Montreal CAN"]
[Date "1997.03.29"]
[Round "2"]
[White "Ragi, Christian"]
[Black "Leriche, Felix"]
[Result "0-1"]
[WhiteElo "1647"]
[BlackElo "2087"]
[PlyCount "66"]
[GameId "2160767911966176"]
[EventDate "1997.03.29"]
[EventType "swiss"]
[EventRounds "6"]
[EventCountry "CAN"]

1. Nf3 d5 2. e3 c5 3. c4 d4 4. exd4 cxd4 5. d3 Nc6 6. Bf4 Bg4 7. Nbd2 e5 8. Bg3 Bd6 9. h3 Bh5 10. Bh4 Nge7 11. g4 Bg6 12. Bg2 Bxd3 13. Ng5 Ng6 14. Bd5 Nxh4 15. Nxf7 Qa5 16. Nxd6+ Kd7 17. Be4 Kxd6 18. Bxd3 Ng2+ 19. Kf1 Nf4 20. Nb3 Qd8 21. c5+ Kc7 22. Be4 Rf8 23. f3 Nd5 24. Qe1 Ne3+ 25. Ke2 Qg5 26. Qg3 Nc4 27. Rhe1 Rad8 28. Kf1 h5 29. h4 Qe7 30. Rac1 Ne3+ 31. Kf2 hxg4 32. Bxc6 bxc6 33. Rxe3 dxe3+ 0-1

[Event "Quebec-ch intercoll."]
[Site "Montreal CAN"]
[Date "1997.03.30"]
[Round "3"]
[White "Blais, Richard"]
[Black "Baripani, Ahmad"]
[Result "1/2-1/2"]
[WhiteElo "1628"]
[BlackElo "1647"]
[PlyCount "50"]
[GameId "2160767911966177"]
[EventDate "1997.03.29"]
[EventType "swiss"]
[EventRounds "6"]
[EventCountry "CAN"]

1. g3 d5 2. Bg2 Nf6 3. d3 e5 4. Nf3 Bd6 5. O-O O-O 6. Nc3 c6 7. e4 d4 8. Ne2 h6 9. Ne1 Bg4 10. Qd2 Bb4 11. Qd1 Nbd7 12. f4 Nh5 13. Bf3 Bxf3 14. Nxf3 exf4 15. Nxf4 Nxf4 16. Bxf4 Bc5 17. Ne5 Nf6 18. Qf3 Bd6 19. Nc4 Bxf4 20. Qxf4 Nd7 21. Rf2 Qe7 22. Raf1 f6 23. Qc7 Rab8 24. e5 Qd8 25. Qd6 Nxe5 1/2-1/2

[Event "Quebec-ch intercoll."]
[Site "Montreal CAN"]
[Date "1997.03.30"]
[Round "3"]
[White "Laroche, Claude"]
[Black "Marineau, Remi"]
[Result "0-1"]
[WhiteElo "1543"]
[BlackElo "1855"]
[PlyCount "92"]
[GameId "2160767911966178"]
[EventDate "1997.03.29"]
[EventType "swiss"]
[EventRounds "6"]
[EventCountry "CAN"]

1. Nf3 c5 2. b3 Nc6 3. Bb2 d5 4. e3 Nf6 5. d4 e6 6. Nbd2 Bd7 7. a3 cxd4 8. Nxd4 Bd6 9. Bd3 O-O 10. O-O Nxd4 11. exd4 Rc8 12. f4 a6 13. c4 dxc4 14. Nxc4 Bb8 15. Qf3 Bc6 16. Qh3 Ba7 17. Rad1 Bxd4+ 18. Bxd4 Qxd4+ 19. Kh1 Qc5 20. b4 Qe7 21. Ne5 Be4 22. Bxe4 Nxe4 23. Qf3 Nf6 24. g4 Nd5 25. f5 Rc3 26. Rd3 Rxd3 27. Nxd3 Rd8 28. fxe6 fxe6 29. Qe4 Nf6 30. Qc4 Nxg4 31. Nc5 Ne3 32. Qxe6+ Qxe6 33. Nxe6 Re8 34. Nc7 Nxf1 35. Nxe8 Ne3 36. Nd6 b6 37. Kg1 Nc2 38. b5 axb5 39. Nxb5 Ne3 40. Nd6 Kf8 41. a4 Nd5 42. Nc4 Ke7 43. a5 b5 44. Nd2 Kd6 45. Nb3 b4 46. Kf2 Kc6 0-1

[Event "Quebec-ch intercoll."]
[Site "Montreal CAN"]
[Date "1997.03.30"]
[Round "3"]
[White "Leriche, Felix"]
[Black "Soudre, Nicolas"]
[Result "0-1"]
[WhiteElo "2087"]
[BlackElo "1888"]
[PlyCount "70"]
[GameId "2160767911966179"]
[EventDate "1997.03.29"]
[EventType "swiss"]
[EventRounds "6"]
[EventCountry "CAN"]

1. e4 e5 2. Nf3 Nc6 3. d4 exd4 4. Bc4 d6 5. O-O Bg4 6. c3 Bxf3 7. Qxf3 Qf6 8. Qh3 g6 9. Kh1 h5 10. f4 Nh6 11. Bd2 Ng4 12. Na3 Be7 13. cxd4 Nxd4 14. Bc3 c5 15. Bb5+ Kf8 16. Nc2 Rg8 17. Rad1 Qe6 18. Nxd4 cxd4 19. Bxd4 Qxe4 20. f5 gxf5 21. Bc4 Rc8 22. Bb3 h4 23. Bxa7 Bf6 24. Rxd6 Nxh2 25. Rfd1 Ng4 26. Rd7 Ne5 27. R7d6 Rg3 28. Qh2 Ng4 29. Bd5 Qe5 30. Qg1 Qxd6 31. Bxb7 Qe7 32. Bxc8 h3 33. Bc5 hxg2+ 34. Qxg2 Qxc5 35. Qxg3 Qxc8 0-1

[Event "Quebec-ch intercoll."]
[Site "Montreal CAN"]
[Date "1997.03.30"]
[Round "3"]
[White "Vivier, Christian"]
[Black "Bannon, Eric"]
[Result "1/2-1/2"]
[WhiteElo "1473"]
[BlackElo "1940"]
[PlyCount "54"]
[GameId "2160767911966181"]
[EventDate "1997.03.29"]
[EventType "swiss"]
[EventRounds "6"]
[EventCountry "CAN"]

1. e4 c5 2. Nf3 e6 3. d4 cxd4 4. Nxd4 Nf6 5. Nc3 d6 6. Be2 a6 7. O-O Qc7 8. Be3 b5 9. a3 Bb7 10. Bd3 Nbd7 11. f4 Nc5 12. e5 dxe5 13. fxe5 Qxe5 14. Re1 Nxd3 15. Qxd3 Ng4 16. g3 Bc5 17. Ncxb5 Bxd4 18. Qxd4 axb5 19. Qxg4 Qd5 20. Qh3 Qh1+ 21. Kf2 Qf3+ 22. Kg1 Rd8 23. Bg5 Rd4 24. Rxe6+ Kf8 25. Rf1 Rd1 26. Ree1 Rxe1 27. Rxe1 Qh1+ 1/2-1/2

[Event "Quebec-ch intercoll."]
[Site "Montreal CAN"]
[Date "1997.03.30"]
[Round "4"]
[White "Bannon, Eric"]
[Black "Blais, Richard"]
[Result "1-0"]
[WhiteElo "1940"]
[BlackElo "1620"]
[PlyCount "77"]
[GameId "2160767911966182"]
[EventDate "1997.03.29"]
[EventType "swiss"]
[EventRounds "6"]
[EventCountry "CAN"]

1. d4 d5 2. Nf3 Nf6 3. c4 e6 4. Nc3 c6 5. Bg5 Nbd7 6. e4 dxe4 7. Nxe4 Qa5+ 8. Bd2 Qb6 9. Ng3 Qxb2 10. Bd3 Bb4 11. Bxb4 Qxb4+ 12. Kf1 Qd6 13. Qe2 O-O 14. Rd1 Re8 15. h3 c5 16. Kg1 cxd4 17. Nxd4 Nc5 18. Bc2 Qe7 19. Nh5 g6 20. Ng3 Bd7 21. Kh2 e5 22. Rhe1 Bc6 23. Qe3 Nfd7 24. f4 Qf6 25. Nxc6 bxc6 26. f5 g5 27. Ne4 Nxe4 28. Rxd7 Nd6 29. c5 Nxf5 30. Qe4 Nd4 31. Qxh7+ Kf8 32. Bd3 Qg7 33. Rxf7+ Qxf7 34. Rf1 Qxf1 35. Bxf1 Ne6 36. Bc4 Nd8 37. Qh8+ Ke7 38. Qxe5+ Kd7 39. Qd6+ 1-0

[Event "Quebec-ch intercoll."]
[Site "Montreal CAN"]
[Date "1997.03.30"]
[Round "4"]
[White "Leriche, Felix"]
[Black "Vivier, Christian"]
[Result "0-1"]
[WhiteElo "2087"]
[BlackElo "1473"]
[PlyCount "87"]
[GameId "2160767911966183"]
[EventDate "1997.03.29"]
[EventType "swiss"]
[EventRounds "6"]
[EventCountry "CAN"]

1. e4 c6 2. d3 d5 3. Nd2 e5 4. Ngf3 Bg4 5. h3 dxe4 6. hxg4 exf3 7. Qxf3 Nf6 8. g5 Nd5 9. Ne4 Nb4 10. Qe2 Be7 11. g3 Nd7 12. a3 Qa5 13. c3 Nd5 14. Bd2 Qa4 15. Bh3 Qc2 16. O-O Rd8 17. b4 Qa4 18. c4 Nc7 19. d4 O-O 20. Nc3 Qc2 21. Ra2 Qg6 22. dxe5 Ne6 23. f4 Nd4 24. Qe3 Nf5 25. Qd3 Nh4 26. f5 Nxe5 27. Qxd8 Nhf3+ 28. Kg2 Rxd8 29. fxg6 Nxd2 30. gxf7+ Kf8 31. Rd1 Bxg5 32. c5 Ndc4 33. Rxd8+ Bxd8 34. Be6 Ne3+ 35. Kh3 Nxf7 36. Rf2 Bf6 37. g4 Ng5+ 38. Kg3 Nxe6 39. Ne4 Ke7 40. Re2 Be5+ 41. Kh4 g5+ 42. Nxg5 Bf6 43. Kg3 Bxg5 44. Rh2 0-1

[Event "Quebec-ch intercoll."]
[Site "Montreal CAN"]
[Date "1997.03.30"]
[Round "4"]
[White "Marineau, Remi"]
[Black "Baripani, Ahmad"]
[Result "0-1"]
[WhiteElo "1855"]
[BlackElo "1647"]
[PlyCount "42"]
[GameId "2160767911966184"]
[EventDate "1997.03.29"]
[EventType "swiss"]
[EventRounds "6"]
[EventCountry "CAN"]

1. e4 c5 2. d4 cxd4 3. Nf3 d6 4. Nxd4 Nf6 5. Nc3 e6 6. Be2 Be7 7. O-O O-O 8. Be3 a6 9. f4 Nc6 10. g4 Qc7 11. g5 Nd7 12. Bf3 Nxd4 13. Bxd4 b5 14. e5 Rb8 15. exd6 Bxd6 16. Be4 Bxf4 17. Bxg7 Kxg7 18. Qh5 f5 19. gxf6+ Nxf6 20. Qf3 Nxe4 21. Qg2+ Ng5 0-1

[Event "Quebec-ch intercoll."]
[Site "Montreal CAN"]
[Date "1997.03.30"]
[Round "4"]
[White "Zafirov, Stephane"]
[Black "Deschambault, Alexandre"]
[Result "1-0"]
[WhiteElo "1723"]
[BlackElo "1502"]
[PlyCount "47"]
[GameId "2160767911966186"]
[EventDate "1997.03.29"]
[EventType "swiss"]
[EventRounds "6"]
[EventCountry "CAN"]

1. e4 c5 2. Nf3 e6 3. d4 cxd4 4. Nxd4 Nf6 5. Nc3 d6 6. Bd3 Be7 7. O-O Nc6 8. Be3 Bd7 9. Qe2 a6 10. f4 Rc8 11. Rad1 b5 12. Kh1 Qc7 13. f5 Ne5 14. Bg5 O-O 15. Nf3 Rcd8 16. Nh4 h6 17. Bf4 Nh7 18. Bxe5 dxe5 19. fxe6 Bxe6 20. Nd5 Bxd5 21. exd5 Nf6 22. Nf5 Nxd5 23. Qe4 f6 24. Nxh6+ 1-0

[Event "Quebec-ch intercoll."]
[Site "Montreal CAN"]
[Date "1997.03.31"]
[Round "5"]
[White "Baripani, Ahmad"]
[Black "Zafirov, Stephane"]
[Result "0-1"]
[WhiteElo "1647"]
[BlackElo "1723"]
[PlyCount "54"]
[GameId "2160767911966187"]
[EventDate "1997.03.29"]
[EventType "swiss"]
[EventRounds "6"]
[EventCountry "CAN"]

1. e4 c5 2. Nf3 d6 3. d4 cxd4 4. Nxd4 Nf6 5. Nc3 g6 6. Be3 Bg7 7. f3 O-O 8. Bc4 Nc6 9. Qd2 Bd7 10. O-O-O Rc8 11. g4 Nxd4 12. Bxf7+ Rxf7 13. Bxd4 Qf8 14. Bxa7 Bc6 15. Kb1 Nd7 16. h4 b6 17. h5 Ra8 18. hxg6 hxg6 19. Qh2 Bxc3 20. bxc3 Qg7 21. Qh3 Rxa7 22. Rh2 Ne5 23. Rdh1 Rxf3 24. Qh4 Bxe4 25. g5 Bd5 26. Qh8+ Qxh8 27. Rxh8+ Kf7 0-1

[Event "Quebec-ch intercoll."]
[Site "Montreal CAN"]
[Date "1997.03.31"]
[Round "5"]
[White "Marineau, Remi"]
[Black "McSweeney, Luke"]
[Result "1-0"]
[WhiteElo "1855"]
[BlackElo "1600"]
[PlyCount "77"]
[GameId "2160767911966189"]
[EventDate "1997.03.29"]
[EventType "swiss"]
[EventRounds "6"]
[EventCountry "CAN"]

1. d4 Nf6 2. c4 e6 3. Nc3 Bb4 4. Qc2 d5 5. e3 Nc6 6. Nge2 dxc4 7. a3 Ba5 8. Qa4 Ne4 9. Qxc4 Qf6 10. f3 Bxc3+ 11. bxc3 Nd6 12. Qd3 Bd7 13. Ng3 Qh4 14. e4 Ne7 15. f4 Ng6 16. Qf3 Bc6 17. Bd3 O-O-O 18. O-O f5 19. Qe2 fxe4 20. Nxe4 Rhf8 21. Nxd6+ Rxd6 22. f5 exf5 23. Rxf5 Re8 24. Qf2 Re1+ 25. Bf1 Qxf2+ 26. Kxf2 Rd1 27. Be2 Rh1 28. h3 Bxg2 29. Kxg2 Rxc1 30. Bg4 Rc2+ 31. Rf2+ Kd8 32. Rxc2 Nf4+ 33. Kg3 g5 34. h4 h6 35. hxg5 hxg5 36. Rh1 Ra6 37. Rh8+ Ke7 38. Rh7+ Kd6 39. Rh6+ 1-0

[Event "Quebec-ch intercoll."]
[Site "Montreal CAN"]
[Date "1997.03.31"]
[Round "5"]
[White "Vivier, Christian"]
[Black "Soudre, Nicolas"]
[Result "0-1"]
[WhiteElo "1473"]
[BlackElo "1888"]
[PlyCount "88"]
[GameId "2160767911966190"]
[EventDate "1997.03.29"]
[EventType "swiss"]
[EventRounds "6"]
[EventCountry "CAN"]

1. e4 e6 2. d4 d5 3. Nd2 Nf6 4. e5 Nfd7 5. Bd3 b6 6. Ne2 Ba6 7. Nf3 c5 8. c3 Bxd3 9. Qxd3 Nc6 10. O-O Be7 11. Be3 Rc8 12. Rac1 Nf8 13. Qb5 Qd7 14. c4 dxc4 15. Qxc4 Ng6 16. Rfd1 Na5 17. Qc2 c4 18. Bd2 Nb7 19. b3 b5 20. Qb2 O-O 21. bxc4 bxc4 22. Rc2 Rc7 23. Rdc1 Rfc8 24. Bb4 Qb5 25. Ba3 Qxb2 26. Bxb2 Bb4 27. Bc3 Ba3 28. Rb1 Ne7 29. Bb4 Bxb4 30. Rxb4 Nd5 31. Rb1 a5 32. Nc3 Nb4 33. Rcb2 Nd8 34. Nb5 c3 35. Rxb4 axb4 36. Nxc7 Rxc7 37. Ne1 Nc6 38. Nc2 Kf8 39. Kf1 f6 40. exf6 gxf6 41. Ke2 Ke7 42. Kd3 Kd6 43. Nxb4 Nxb4+ 44. Rxb4 c2 0-1

[Event "Quebec-ch intercoll."]
[Site "Montreal CAN"]
[Date "1997.03.31"]
[Round "6"]
[White "Bannon, Eric"]
[Black "Baripani, Ahmad"]
[Result "1-0"]
[WhiteElo "1940"]
[BlackElo "1647"]
[PlyCount "41"]
[GameId "2160767911966191"]
[EventDate "1997.03.29"]
[EventType "swiss"]
[EventRounds "6"]
[EventCountry "CAN"]

1. d4 d5 2. Nf3 c6 3. Bf4 Nf6 4. e3 Bf5 5. Be2 e6 6. O-O Be7 7. Ne5 Nbd7 8. Nd2 O-O 9. g4 Bg6 10. h4 h6 11. Nxg6 fxg6 12. Bd3 Nh7 13. g5 hxg5 14. hxg5 Bxg5 15. Qg4 Qf6 16. Bd6 Rf7 17. f4 Bh6 18. Bxg6 Ndf8 19. Bxf7+ Kxf7 20. Nf3 Qg6 21. Ne5+ 1-0

[Event "Quebec-ch intercoll."]
[Site "Montreal CAN"]
[Date "1997.03.31"]
[Round "6"]
[White "McSweeney, Luke"]
[Black "Blais, Richard"]
[Result "0-1"]
[WhiteElo "1600"]
[BlackElo "1620"]
[PlyCount "96"]
[GameId "2160767911966192"]
[EventDate "1997.03.29"]
[EventType "swiss"]
[EventRounds "6"]
[EventCountry "CAN"]

1. e4 d6 2. Nc3 Nf6 3. b3 g6 4. Bb2 Bg7 5. d3 O-O 6. Be2 e5 7. h3 Nc6 8. Nf3 Nh5 9. Nd5 Ne7 10. g4 Nxd5 11. gxh5 Nf4 12. hxg6 fxg6 13. Bf1 Qf6 14. d4 Nxh3 15. Bxh3 Qxf3 16. Qxf3 Rxf3 17. Bg2 Rf7 18. Bf1 Rf4 19. Bc4+ Kh8 20. O-O-O exd4 21. Bxd4 Bxd4 22. Rxd4 Rxf2 23. e5 Bf5 24. exd6 Rxc2+ 25. Kd1 cxd6 26. Rxd6 Rxa2 27. Rh4 Kg7 28. Rd5 Re8 29. Rc5 Re7 30. Rd4 h5 31. Rd8 Rf2 32. Rg8+ Kf6 33. Rf8+ Kg5 34. Ra8 h4 35. Rxa7 h3 36. Ra8 h2 37. Rh8 Rg2 38. Bf1 Rg1 39. Rxh2 Rxf1+ 40. Kd2 Kf4 41. Rh4+ Kg3 42. Rb4 g5 43. Rcb5 Kh2 44. Rxb7 Rxb7 45. Rxb7 Bh3 46. b4 g4 47. b5 g3 48. b6 g2 0-1

[Event "Quebec-ch intercoll."]
[Site "Montreal CAN"]
[Date "1997.03.31"]
[Round "6"]
[White "Soudre, Nicolas"]
[Black "Marineau, Remi"]
[Result "1/2-1/2"]
[WhiteElo "1888"]
[BlackElo "1855"]
[PlyCount "53"]
[GameId "2160767911966193"]
[EventDate "1997.03.29"]
[EventType "swiss"]
[EventRounds "6"]
[EventCountry "CAN"]

1. e4 e5 2. Nf3 Nc6 3. Bb5 a6 4. Ba4 Nf6 5. O-O b5 6. Bb3 Be7 7. Re1 O-O 8. d3 d6 9. h3 h6 10. c3 Na5 11. Bc2 c5 12. Nbd2 Nc6 13. Nf1 Qc7 14. Ne3 Rd8 15. Bb3 Na5 16. Bd5 Bb7 17. Bxb7 Nxb7 18. Qe2 Rd7 19. g4 Re8 20. Nf5 Bf8 21. c4 Nd8 22. g5 hxg5 23. Bxg5 Nh7 24. Kh2 Ne6 25. Rg1 bxc4 26. dxc4 Nd4 27. N3xd4 1/2-1/2

[Event "Quebec-ch intercoll."]
[Site "Montreal CAN"]
[Date "1997.03.31"]
[Round "6"]
[White "Vivier, Christian"]
[Black "Vergara, Pablo"]
[Result "1-0"]
[WhiteElo "1473"]
[BlackElo "1530"]
[PlyCount "54"]
[GameId "2160767911966194"]
[EventDate "1997.03.29"]
[EventType "swiss"]
[EventRounds "6"]
[EventCountry "CAN"]

1. d4 Nf6 2. c4 c5 3. d5 b5 4. cxb5 a6 5. bxa6 Bxa6 6. e3 Bxf1 7. Kxf1 g6 8. Nf3 Bg7 9. g3 d6 10. Kg2 O-O 11. Re1 Nbd7 12. Nc3 Qb6 13. Qc2 Rfb8 14. b3 Qb7 15. e4 Ng4 16. Bb2 c4 17. Nd2 cxb3 18. axb3 Bd4 19. Rxa8 Rxa8 20. Nd1 Rc8 21. Qb1 Qb4 22. Re2 Qb5 23. Re1 Qc5 24. Bxd4 Qxd4 25. Nf3 Qf6 26. h3 Nge5 27. Nxe5 Nxe5 1-0

[Event "Quebec-ch op w"]
[Site "Montreal CAN"]
[Date "1997.05.30"]
[Round "1"]
[White "Charest, Johanne"]
[Black "Trudel, Nadine"]
[Result "1-0"]
[WhiteElo "1865"]
[BlackElo "1120"]
[PlyCount "99"]
[GameId "2160767911965743"]
[EventDate "1997.05.30"]
[EventType "swiss"]
[EventRounds "5"]
[EventCountry "CAN"]

1. e4 e5 2. Nf3 Nc6 3. Bc4 Bc5 4. c3 Nf6 5. d4 exd4 6. cxd4 Bb4+ 7. Nc3 d5 8. exd5 Nxd5 9. O-O Bxc3 10. bxc3 O-O 11. Qd3 Nce7 12. Bg5 Bf5 13. Qxf5 Nxf5 14. Bxd8 Raxd8 15. Bd3 Nfe7 16. Rab1 b6 17. c4 Nf4 18. Rfd1 Neg6 19. g3 Nxd3 20. Rxd3 Rfe8 21. Kf1 Re7 22. Re3 f6 23. a4 Red7 24. a5 bxa5 25. Ra3 Ne7 26. Rxa5 Nc6 27. Rc5 Nxd4 28. Nxd4 Rxd4 29. Rxc7 a5 30. Rbb7 Rg4 31. Ra7 h6 32. Rxa5 Kh7 33. Raa7 h5 34. c5 f5 35. Rf7 f4 36. h3 Rg5 37. gxf4 Rd1+ 38. Ke2 Rgg1 39. f5 Rde1+ 40. Kf3 Re5 41. Rac7 Kh6 42. Kf4 Rd5 43. f6 Rd4+ 44. Ke5 Rd3 45. Rxg7 Rf1 46. Rh7+ Kg5 47. f4+ Rxf4 48. Rcg7+ Kh4 49. Kxf4 Rg3 50. Rxh5+ 1-0

[Event "Quebec-ch op w"]
[Site "Montreal CAN"]
[Date "1997.05.31"]
[Round "2"]
[White "Mogilevsky, Olga"]
[Black "Charest, Johanne"]
[Result "1-0"]
[WhiteElo "1300"]
[BlackElo "1865"]
[PlyCount "91"]
[GameId "2160767911965744"]
[EventDate "1997.05.30"]
[EventType "swiss"]
[EventRounds "5"]
[EventCountry "CAN"]

1. e4 e5 2. Nf3 Nc6 3. Nc3 Nf6 4. Bb5 Nd4 5. Bc4 Nxf3+ 6. Qxf3 c6 7. d3 h6 8. Bd2 d6 9. h3 Be6 10. O-O-O b5 11. Bxe6 fxe6 12. g4 Nd7 13. Qg3 Be7 14. h4 g5 15. hxg5 Bxg5 16. f4 exf4 17. Bxf4 e5 18. Bxg5 Qxg5+ 19. Kb1 O-O-O 20. Rh5 Qg6 21. Rdh1 Rdg8 22. Rg1 Qxh5 23. gxh5 Rxg3 24. Rxg3 Rf8 25. b3 Kd8 26. Ne2 Ke7 27. Rg6 Rf6 28. Rg8 Nf8 29. Ng3 Kf7 30. Rg4 Rf4 31. Nf5 Rxg4 32. Nxh6+ Kf6 33. Nxg4+ Kg5 34. Ne3 Kxh5 35. Nf5 Ne6 36. Nxd6 Kg5 37. Nc8 a6 38. Nb6 Nf8 39. Kb2 Kf6 40. Kc3 a5 41. a4 Kf7 42. axb5 cxb5 43. Nc8 b4+ 44. Kc4 Ne6 45. Nd6+ Ke7 46. Nf5+ 1-0

[Event "Quebec-ch op w"]
[Site "Montreal CAN"]
[Date "1997.05.31"]
[Round "3"]
[White "Charest, Johanne"]
[Black "Khaziyeva, Dinara"]
[Result "1-0"]
[WhiteElo "1865"]
[BlackElo "1166"]
[PlyCount "97"]
[GameId "2160767911965745"]
[EventDate "1997.05.30"]
[EventType "swiss"]
[EventRounds "5"]
[EventCountry "CAN"]

1. e4 c5 2. Nc3 Nc6 3. g3 d6 4. Bg2 Nf6 5. d3 e6 6. Be3 d5 7. Bg5 Be7 8. exd5 Nxd5 9. Bxe7 Ncxe7 10. Nge2 b6 11. Nxd5 exd5 12. Nf4 Bb7 13. O-O Qd6 14. Re1 O-O-O 15. Qg4+ f5 16. Qxg7 Ng6 17. Re6 Qb8 18. Nxg6 hxg6 19. Qxg6 Qc7 20. Qxf5 Rd7 21. Rae1 Rhd8 22. Re7 Qc6 23. Rxd7 Rxd7 24. Re7 Kd8 25. Qxd7+ Qxd7 26. Rxd7+ Kxd7 27. c4 Ba6 28. Bxd5 Kd6 29. f4 Bc8 30. Kg2 Ke7 31. h3 Bd7 32. g4 Be8 33. Kg3 Kf6 34. h4 Bg6 35. Be4 Bf7 36. g5+ Kg7 37. Kg4 Kh8 38. h5 Be8 39. h6 Bd7+ 40. f5 Kh7 41. Kh5 Be8+ 42. g6+ Kg8 43. f6 a5 44. Bd5+ Kf8 45. h7 Bxg6+ 46. Kxg6 Ke8 47. h8=Q+ Kd7 48. Qg7+ Kd6 49. Qe7# 1-0

[Event "Quebec-ch op w"]
[Site "Montreal CAN"]
[Date "1997.06.01"]
[Round "4"]
[White "Vallee, Genevieve"]
[Black "Charest, Johanne"]
[Result "0-1"]
[WhiteElo "1048"]
[BlackElo "1865"]
[PlyCount "56"]
[GameId "2160767911965746"]
[EventDate "1997.05.30"]
[EventType "swiss"]
[EventRounds "5"]
[EventCountry "CAN"]

1. e4 e5 2. Nf3 Nc6 3. Bc4 Bc5 4. O-O Nf6 5. Ng5 O-O 6. Nc3 h6 7. Nf3 d6 8. d3 Bg4 9. h3 Bh5 10. Be3 Nd4 11. Bxd4 Bxd4 12. Rb1 c6 13. a3 d5 14. Bb3 Kh7 15. g4 Nxg4 16. hxg4 Bxg4 17. Kg2 f5 18. exd5 e4 19. dxe4 fxe4 20. Qxd4 Bxf3+ 21. Kh3 Qd7+ 22. Kh2 Qg4 23. Qxe4+ Bxe4 24. Nxe4 Qxe4 25. c4 Rf5 26. Rh1 Rh5+ 27. Kg3 Rg5+ 28. Kh3 Qg4+ 0-1

[Event "Quebec-ch op w"]
[Site "Montreal CAN"]
[Date "1997.06.01"]
[Round "5"]
[White "Charest, Johanne"]
[Black "Trottier, Julie"]
[Result "1-0"]
[WhiteElo "1865"]
[BlackElo "1663"]
[PlyCount "59"]
[GameId "2160767911965747"]
[EventDate "1997.05.30"]
[EventType "swiss"]
[EventRounds "5"]
[EventCountry "CAN"]

1. e4 c5 2. Nc3 e6 3. g3 Nc6 4. Bg2 Nf6 5. d3 Be7 6. h4 d6 7. Nh3 Qc7 8. Nf4 Bd7 9. Be3 Ne5 10. f3 Bc6 11. a3 d5 12. Bf2 Rd8 13. O-O dxe4 14. Nxe4 Nxe4 15. fxe4 g5 16. hxg5 Bxg5 17. Qh5 Bxf4 18. gxf4 Ng6 19. Bg3 c4 20. Kh2 Ne7 21. f5 e5 22. Rad1 cxd3 23. Rxd3 Rxd3 24. cxd3 Bb5 25. Qg5 Bxd3 26. Rc1 Nc6 27. Qg7 Rf8 28. Rc5 Qb6 29. Rxe5+ Ne7 30. f6 1-0

[Event "RA CC Active"]
[Site "Ottawa CAN"]
[Date "1997.02.27"]
[Round "1"]
[White "Chyurlia, Jerome"]
[Black "Pacey, Kevin"]
[Result "0-1"]
[WhiteElo "1722"]
[BlackElo "2237"]
[PlyCount "70"]
[GameId "2160767911966441"]
[EventDate "1997.02.27"]
[EventType "swiss"]
[EventRounds "8"]
[EventCountry "CAN"]
[SourceTitle "EXT 2022"]
[Source "ChessBase"]
[SourceDate "2021.10.06"]
[SourceVersion "1"]
[SourceVersionDate "2021.10.06"]
[SourceQuality "1"]

1. d4 b6 2. c4 Bb7 3. Nc3 e6 4. e4 Bb4 5. f3 Qh4+ 6. g3 Qh5 7. Nh3 f5 8. Nf4 Qf7 9. Bg2 g5 10. Nd3 Bxc3+ 11. bxc3 Qh5 12. d5 fxe4 13. fxe4 Qxd1+ 14. Kxd1 h6 15. Ne5 d6 16. Ng6 Rh7 17. Rf1 Rf7 18. e5 Rxf1+ 19. Bxf1 Kf7 20. Bd3 exd5 21. exd6 cxd6 22. cxd5 Bxd5 23. Ba3 Ne7 24. c4 Bf3+ 25. Kd2 Nxg6 26. Rf1 Ne5 27. Be4 Ke6 28. Bxa8 Bxa8 29. Kc3 Nbd7 30. Bc1 Nf6 31. Re1 Ne4+ 32. Kb3 Nd3 33. Rf1 Bc6 34. Be3 Ndc5+ 35. Bxc5 Nd2+ 0-1

[Event "RA CC Active"]
[Site "Ottawa CAN"]
[Date "1997.02.27"]
[Round "2"]
[White "Pacey, Kevin"]
[Black "Fodor, John"]
[Result "1/2-1/2"]
[WhiteElo "2237"]
[BlackElo "1892"]
[PlyCount "50"]
[GameId "2160767911966444"]
[EventDate "1997.02.27"]
[EventType "swiss"]
[EventRounds "8"]
[EventCountry "CAN"]
[SourceTitle "EXT 2022"]
[Source "ChessBase"]
[SourceDate "2021.10.06"]
[SourceVersion "1"]
[SourceVersionDate "2021.10.06"]
[SourceQuality "1"]

1. e4 c5 2. Nf3 d6 3. d4 cxd4 4. Nxd4 Nf6 5. Nc3 g6 6. Be3 Bg7 7. Be2 O-O 8. h4 Nc6 9. h5 Nxd4 10. Bxd4 Be6 11. Qd2 Qa5 12. f3 Nxh5 13. Bxg7 Kxg7 14. g4 Nf6 15. Qh6+ Kg8 16. g5 Nh5 17. f4 Rfc8 18. Bxh5 Rxc3 19. bxc3 Qxc3+ 20. Kf2 gxh5 21. Qxh5 Qxc2+ 22. Qe2 Qc5+ 23. Qe3 Qc2+ 24. Qe2 Qc5+ 25. Qe3 Qc2+ 1/2-1/2

[Event "RA CC Active"]
[Site "Ottawa CAN"]
[Date "1997.02.27"]
[Round "3"]
[White "Bunning, Les"]
[Black "Pacey, Kevin"]
[Result "0-1"]
[WhiteElo "1964"]
[BlackElo "2237"]
[PlyCount "56"]
[GameId "2160767911966445"]
[EventDate "1997.02.27"]
[EventType "swiss"]
[EventRounds "8"]
[EventCountry "CAN"]
[SourceTitle "EXT 2022"]
[Source "ChessBase"]
[SourceDate "2021.10.06"]
[SourceVersion "1"]
[SourceVersionDate "2021.10.06"]
[SourceQuality "1"]

1. e4 e5 2. f4 exf4 3. Nf3 g5 4. Bc4 d6 5. O-O Bg7 6. d4 Nc6 7. c3 h6 8. Nbd2 Nge7 9. h4 Ng6 10. h5 Nge7 11. Nh2 O-O 12. Qf3 Be6 13. g3 fxg3 14. Qxg3 Bxc4 15. Nxc4 d5 16. Ne3 dxe4 17. Neg4 f5 18. Nxh6+ Bxh6 19. Bxg5 Bxg5 20. Qxg5+ Kh7 21. Kh1 Rg8 22. Qf6 Qd6 23. Qh4 Qg3 24. Qxg3 Rxg3 25. Rg1 Rag8 26. Rxg3 Rxg3 27. Rf1 e3 28. Nf3 e2 0-1

[Event "RA CC Active"]
[Site "Ottawa CAN"]
[Date "1997.03.06"]
[Round "4"]
[White "Awate, Avinash"]
[Black "Pacey, Kevin"]
[Result "1-0"]
[WhiteElo "2350"]
[BlackElo "2237"]
[PlyCount "68"]
[GameId "2160767911966447"]
[EventDate "1997.02.27"]
[EventType "swiss"]
[EventRounds "8"]
[EventCountry "CAN"]
[SourceTitle "EXT 2022"]
[Source "ChessBase"]
[SourceDate "2021.10.06"]
[SourceVersion "1"]
[SourceVersionDate "2021.10.06"]
[SourceQuality "1"]

1. e4 e6 2. d4 d5 3. Nd2 Nc6 4. exd5 exd5 5. c3 Bd6 6. Bd3 Nf6 7. Ne2 O-O 8. h3 Re8 9. Nf3 Ne4 10. O-O Qf6 11. Nh2 Bf5 12. Nf4 Bxf4 13. Bxf4 Nxc3 14. bxc3 Bxd3 15. Qxd3 Qxf4 16. Qb5 Qd6 17. Qxb7 Nxd4 18. Qb2 Rab8 19. Qd2 Ne2+ 20. Kh1 Qc5 21. Rae1 Nxc3 22. Rxe8+ Rxe8 23. Rc1 d4 24. Nf3 Qb6 25. Nxd4 Nxa2 26. Rc6 Qb1+ 27. Kh2 Qe4 28. f3 Qd5 29. Qf4 g5 30. Qg4 h5 31. Qxh5 Qxd4 32. Qxg5+ Qg7 33. Qd2 Qe5+ 34. f4 Qe2 1-0

[Event "RA CC Active"]
[Site "Ottawa CAN"]
[Date "1997.03.06"]
[Round "5"]
[White "Pacey, Kevin"]
[Black "Palsson, Halldor"]
[Result "1-0"]
[WhiteElo "2237"]
[BlackElo "2027"]
[PlyCount "59"]
[GameId "2160767911966450"]
[EventDate "1997.02.27"]
[EventType "swiss"]
[EventRounds "8"]
[EventCountry "CAN"]
[SourceTitle "EXT 2022"]
[Source "ChessBase"]
[SourceDate "2021.10.06"]
[SourceVersion "1"]
[SourceVersionDate "2021.10.06"]
[SourceQuality "1"]

1. e4 e6 2. d4 d5 3. Nc3 Bb4 4. e5 c5 5. a3 Bxc3+ 6. bxc3 Ne7 7. Nf3 Bd7 8. a4 Qa5 9. Qd2 Nbc6 10. Bd3 f6 11. O-O O-O-O 12. Re1 c4 13. Bf1 Rde8 14. Ba3 Nf5 15. g3 h5 16. h4 g5 17. exf6 gxh4 18. f7 Rd8 19. f8=Q Rdxf8 20. Bxf8 Rxf8 21. Nxh4 Ncxd4 22. Bg2 Nxh4 23. Qxd4 Nf5 24. Qe5 Rg8 25. Bh3 Qc5 26. Bxf5 exf5 27. Red1 h4 28. Rxd5 Qb6 29. Rxd7 Kxd7 30. Qd5+ 1-0